Basics of computer graphics design / (Record no. 62299)

MARC details
000 -LEADER
fixed length control field 00499nam a22001457a 4500
005 - DATE AND TIME OF LATEST TRANSACTION
control field 20120208145630.0
020 ## - INTERNATIONAL STANDARD BOOK NUMBER
International Standard Book Number 8120325273
Terms of availability 195.00
035 ## - SYSTEM CONTROL NUMBER
System control number B-126384
037 ## - SOURCE OF ACQUISITION
Stock number DPL
Source of stock number/acquisition ENG
245 ## - TITLE STATEMENT
Title Basics of computer graphics design /
260 ## - PUBLICATION, DISTRIBUTION, ETC. (IMPRINT)
Place of publication, distribution, etc New Delhi
Name of publisher, distributor, etc Prentice-Hall of India
Date of publication, distribution, etc 2004
300 ## - PHYSICAL DESCRIPTION
Extent xi, 234p.
Dimensions 22 cms.
942 ## - ADDED ENTRY ELEMENTS (KOHA)
Source of classification or shelving scheme Dewey Decimal Classification
Item type English Books
Classification part 005.3
Call number suffix BAS
Holdings
Withdrawn status Lost status Not for loan Collection code Home library Current library Date acquired Cost, normal purchase price Full call number Barcode Cost, replacement price Koha item type
      Non-fiction Sarojini Nagar Sarojini Nagar 08/02/2012 195.00 005.3 BAS B-126384 195.00 English Books

© Delhi Public Library
Hit Counter
free hit counter